Stacje i przystanki osobowe na trasiie Tarnów - Kraków Główny - Statystyki

Ogólne statystyki
  • Ten quiz został rozwiązany 37 razy
  • Średni wynik to 14 z 24
Statystyki odpowiedzi
Odpowiedź % Poprawnych
Bochnia
94%
Kraków Płaszów
94%
Kraków Główny
91%
Tarnów
91%
Brzesko Okocim
81%
Kraków Grzegórzki
78%
Tarnów Mościce
78%
Kłaj
75%
Kraków Bieżanów
72%
Kraków Prokocim
69%
Kraków Zabłocie
69%
Kraków Złocień
63%
Podłęże
56%
Staniątki
44%
Węgrzce Wielkie
44%
Bogumiłowice
41%
Cikowice
41%
Kokotów
41%
Jasień Brzeski
38%
Stanisławice
38%
Biadoliny
34%
Rzezawa
34%
Sterkowiec
34%
Szarów
31%
Nie znaleziono quizów pasujących do podanych kryteriów
Rozkład punktacji
Procent ludzi z każdym wynikiem
Percentyl według liczby udzielonych odpowiedzi
Twoja historia wyników
Nie rozwiązałeś tego quizu